000 00319nam a2200133Ia 4500
999 _c152926
_d152926
020 _a8120407326
082 _a657.97
_bKRI/CO
100 _aKrishnaswami, O R
245 _aCooperative audit
260 _bOxford & IBH publishing co pvt ltd
_aNew Delhi
_c1992
300 _a416
546 _aEnglish
942 _cBK
_2ddc